|
|
|
|
| LEADER |
01276nam a2200325 a 4500 |
| 001 |
000031443 |
| 003 |
CZ BrMZK |
| 005 |
20200228171731.0 |
| 007 |
ta |
| 008 |
010907s1995 xr f cze d |
| 015 |
|
|
|a cnb000110129
|
| 020 |
|
|
|a 80-7043-163-6
|
| 040 |
|
|
|a BOA001
|b cze
|
| 080 |
|
|
|a 911.3(075.8)
|2 MRF
|
| 100 |
1 |
|
|a Mirvald, Stanislav,
|d 1940-2002
|7 jn20001227443
|4 aut
|
| 245 |
1 |
0 |
|a Cvičení z geografie dopravy a služeb /
|c Stanislav Mirvald
|
| 250 |
|
|
|a Vyd. 1.
|
| 260 |
|
|
|a Plzeň :
|b Západočeská univerzita,
|c 1995
|
| 300 |
|
|
|a 67 s. :
|b il. ;
|c 20 cm.
|
| 500 |
|
|
|a Určeno pro stud. 1. roč. bakalářského studia 2. roč. učit. 2. a 3. st. a 2. roč. odborného studia
|
| 504 |
|
|
|a Bibliogr. 63-67
|
| 653 |
0 |
|
|a doprava
|a služby
|a zeměpis
|
| 710 |
2 |
|
|a Západočeská univerzita.
|b Pedagogická fakulta
|7 kn20010709437
|
| 910 |
|
|
|a BOA001
|b 2-1011.775
|b PK-0123.804
|
| 920 |
|
|
|a 000034750
|
| 964 |
|
|
|a Zeměpis
|x doprava
|x učebnice
|x školy vysoké
|
| 964 |
|
|
|a Zeměpis
|x služby
|x učebnice
|x školy vysoké
|
| 990 |
|
|
|a BK
|
| 996 |
6 |
|
|b 2610024720
|c 2-1011.775
|l MZK
|r Sklad / do 1 hodiny
|n 14
|p p.v.
|w 000031443
|u 000010
|a 1
|e BOA001
|j MZK50
|s P
|
| 996 |
7 |
|
|b 3119001385
|c PK-0123.804
|l MZK
|r Sklad / do 1 hodiny
|n 16
|p kup
|w 000031443
|u 000020
|a 1
|e BOA001
|j MZK50
|s A
|